| 000 | 00421nam a2200169Ia 4500 | ||
|---|---|---|---|
| 999 |
_c5629 _d5629 |
||
| 003 | OSt | ||
| 005 | 20231106101122.0 | ||
| 008 | 200302s9999 xx 000 0 und d | ||
| 020 | _a9780571179930 | ||
| 082 |
_a307.12 _bROG |
||
| 100 |
_aRogers, Richard _d1933-2021 |
||
| 245 | _aCities for a small planet | ||
| 260 | _bFaber & Faber Ltd. | ||
| 300 | _a180 P., | ||
| 700 | _aedited by: Gumuchdjian, Philip | ||
| 942 | _2ddc | ||